000 00552 a2200193 4500
999 _c9724
_d9724
050 _aKTL19.A35SOU 1988
100 _aFisher David S
_eeditor
245 _aThe South African Law Reports
_b1988 (3) July
_cDavid S Fisher
264 _aJohannesburg , SA :
_bJUTA,
_c1988
300 _a367p.
500 _aIncludes index
650 _aLaw Reports
651 _aSouth Afirca
700 _aOwen Barrow
_eeditor
700 _aNita Hanmer
_eeditor
700 _aBrenda Krynauw
_eEditor
700 _aDiana M Potter
942 _2lcc
_cSERIALS
_h19.A35
_iSOU
_kKTL